[Event "25th Zadar Open 2018"]
[Site "Zadar"]
[Date "2018.12.17"]
[Round "4.11"]
[White "Nielsen, Rogvi Egilstoft"]
[Black "Nielsen, Hogni Egilstoft"]
[Result "1-0"]
[WhiteElo "2339"]
[BlackElo "2400"]
[Annotator "NA"]
[PlyCount "89"]
[EventDate "2018.12.15"]
[EventType "swiss"]
[EventCountry "CRO"]
[SourceTitle "playchess.com"]
[Source "ChessBase"]
[SourceQuality "1"]
[TimeControl "40/5400+30:1800+30"]

1. e4 {[%emt 0:00:30]} e5 {[%emt 0:00:30]} 2. Nf3 {[%emt 0:00:00]} Nc6 {[%emt 0:00:00]} 3. Bb5 {[%emt 0:00:00]} a6 {[%emt 0:00:00]} 4. Ba4 {[%emt 0:00:30]} Nf6 {[%emt 0:00:30]} 5. Qe2 {[%emt 0:00:30]} b5 {[%emt 0:01:30]} 6. Bb3 {[%emt 0:00:00]} Be7 {[%emt 0:00:30]} 7. c3 {[%emt 0:01:00]} d6 {[%emt 0:01:30]} 8. O-O {[%emt 0:03:30]} Na5 {[%emt 0:05:30]} 9. Bc2 {[%emt 0:01:30]} c5 {[%emt 0:00:30]} 10. d4 {[%emt 0:05:30]} Nc6 {[%emt 0:11:30]} 11. dxc5 {[%emt 0:01:30]} dxc5 {[%emt 0:00:30]} 12. a4 {[%emt 0:00:30]} b4 {[%emt 0:05:30]} 13. Nbd2 {[%emt 0:01:30]} O-O {[%emt 0:06:30]} 14. Nc4 {[%emt 0:03:30]} Qc7 {[%emt 0:00:30]} 15. Bg5 {[%emt 0:09:30]} Be6 {[%emt 0:15:30]} 16. Ne3 {[%emt 0:04:30]} bxc3 {[%emt 0:11:30]} 17. bxc3 {[%emt 0:00:30]} h6 {[%emt 0:00:30]} 18. Bxf6 {[%emt 0:04:30]} Bxf6 {[%emt 0:00:30]} 19. Nd5 {[%emt 0:01:30]} Bxd5 {[%emt 0:06:30]} 20. exd5 {[%emt 0:00:00]} Ne7 {[%emt 0:01:30]} 21. Rfe1 {[%emt 0:05:00]} Rfd8 {[%emt 0:08:30]} 22. Rad1 {[%emt 0:13:30]} Nxd5 {[%emt 0:03:25]} 23. Qe4 {[%emt 0:05:30]} Ne7 {[%emt 0:02:36]} 24. Nxe5 {[%emt 0:01:30]} Ng6 {[%emt 0:06:41]} 25. Nxg6 {[%emt 0:09:30]} fxg6 {[%emt 0:00:09]} 26. Qxg6 {[%emt 0:00:30]} Qf7 {[%emt 0:04:46]} 27. Qh7+ {[%emt 0:00:30]} Kf8 {[%emt 0:00:01]} 28. Qf5 {[%emt 0:00:30]} c4 {[%emt 0:02:00]} 29. Be4 {[%emt 0:02:30]} Rxd1 {[%emt 0:02:42]} 30. Rxd1 {[%emt 0:00:00]} Re8 {[%emt 0:01:50]} 31. Bd5 {[%emt 0:06:00]} Qe7 {[%emt 0:00:06]} 32. Bxc4 {[%emt 0:00:55]} Rd8 {[%emt 0:00:40]} 33. Rxd8+ {[%emt 0:00:44]} Qxd8 {[%emt 0:00:02]} 34. g3 {[%emt 0:00:59]} Qc7 {[%emt 0:01:21]} 35. Bxa6 {[%emt 0:10:57]} Qxc3 {[%emt 0:00:14]} 36. a5 {[%emt 0:00:08]} Ke7 {[%emt 0:00:50]} 37. Bb5 {[%emt 0:01:03]} Bd4 {[%emt 0:00:42]} 38. Kg2 {[%emt 0:01:48]} Qb2 {[%emt 0:00:42]} 39. a6 {[%emt 0:05:24]} g6 {[%emt 0:00:41]} 40. Qd7+ {[%emt 0:00:00]} Kf6 {[%emt 0:00:00]} 41. Qd6+ {[%emt 0:02:02]} Kg7 {[%emt 0:02:32]} 42. Qe7+ {[%emt 0:01:30]} Kh8 {[%emt 0:00:30]} 43. Qf8+ {[%emt 0:00:00]} Kh7 {[%emt 0:00:00]} 44. Bc4 {[%emt 0:00:00]} h5 {[%emt 0:00:00]} 45. Bg8+ {[%emt 0:00:30]} 1-0

[Event "25th Zadar Open 2018"]
[Site "Zadar"]
[Date "2018.12.17"]
[Round "4.12"]
[White "Rakesh Kumar Jena"]
[Black "Sokac, Marko"]
[Result "1-0"]
[WhiteElo "2398"]
[BlackElo "2301"]
[Annotator "NA"]
[PlyCount "111"]
[EventDate "2018.12.15"]
[EventType "swiss"]
[EventCountry "CRO"]
[SourceTitle "playchess.com"]
[Source "ChessBase"]
[SourceQuality "1"]
[TimeControl "40/5400+30:1800+30"]

1. Nf3 {[%emt 0:00:30]} c5 {[%emt 0:15:30]} 2. g3 {[%emt 0:00:00]} Nc6 {[%emt 0:00:30]} 3. Bg2 {[%emt 0:00:00]} g6 {[%emt 0:00:00]} 4. O-O {[%emt 0:00:30]} Bg7 {[%emt 0:00:00]} 5. c3 {[%emt 0:00:30]} e5 {[%emt 0:01:30]} 6. d4 {[%emt 0:00:30]} cxd4 {[%emt 0:00:30]} 7. cxd4 {[%emt 0:00:30]} e4 {[%emt 0:00:00]} 8. Ne5 {[%emt 0:02:30]} d5 {[%emt 0:00:00]} 9. f3 {[%emt 0:00:30]} Qb6 {[%emt 0:00:30]} 10. Nxc6 {[%emt 0:02:30]} exf3 {[%emt 0:01:30]} 11. Ne5 {[%emt 0:22:30]} Bxe5 {[%emt 0:05:30]} 12. Bxf3 {[%emt 0:00:30]} Bxd4+ {[%emt 0:22:30]} 13. Kg2 {[%emt 0:03:30]} Ne7 {[%emt 0:10:30]} 14. Nc3 {[%emt 0:02:30]} Bxc3 {[%emt 0:04:30]} 15. bxc3 {[%emt 0:00:30]} Be6 {[%emt 0:00:30]} 16. Bg5 {[%emt 0:00:30]} Nf5 {[%emt 0:08:30]} 17. Rb1 {[%emt 0:01:30]} Ne3+ {[%emt 0:02:30]} 18. Bxe3 {[%emt 0:00:30]} Qxe3 {[%emt 0:00:30]} 19. Rxb7 {[%emt 0:13:30]} O-O {[%emt 0:00:30]} 20. Qd4 {[%emt 0:00:30]} Qxd4 {[%emt 0:00:30]} 21. cxd4 {[%emt 0:00:00]} Rfc8 {[%emt 0:00:30]} 22. Rfb1 {[%emt 0:01:00]} Rc4 {[%emt 0:00:30]} 23. R1b4 {[%emt 0:00:30]} Rac8 {[%emt 0:01:30]} 24. Kf2 {[%emt 0:06:30]} a5 {[%emt 0:00:30]} 25. R4b5 {[%emt 0:00:30]} Rxd4 {[%emt 0:08:18]} 26. Rxa5 {[%emt 0:00:30]} Rd2 {[%emt 0:00:07]} 27. g4 {[%emt 0:17:30]} d4 {[%emt 0:03:57]} 28. a4 {[%emt 0:00:00]} Ra2 {[%emt 0:00:32]} 29. Kg3 {[%emt 0:01:00]} Rc4 {[%emt 0:02:23]} 30. Ra8+ {[%emt 0:06:18]} Kg7 {[%emt 0:00:01]} 31. g5 {[%emt 0:00:09]} Rc8 {[%emt 0:06:02]} 32. Rxc8 {[%emt 0:02:08]} Bxc8 {[%emt 0:00:01]} 33. Ra7 {[%emt 0:02:12]} Be6 {[%emt 0:00:28]} 34. Kf4 {[%emt 0:01:59]} h6 {[%emt 0:00:21]} 35. h4 {[%emt 0:00:01]} hxg5+ {[%emt 0:00:05]} 36. hxg5 {[%emt 0:00:02]} Bc4 {[%emt 0:02:50]} 37. Ke5 {[%emt 0:02:22]} Rd2 {[%emt 0:02:56]} 38. Rc7 {[%emt 0:05:16]} Bb3 {[%emt 0:00:31]} 39. a5 {[%emt 0:00:39]} Ra2 {[%emt 0:01:17]} 40. Rc5 {[%emt 0:00:00]} Bd1 {[%emt 0:00:00]} 41. Kxd4 {[%emt 0:03:54]} Bxe2 {[%emt 0:01:41]} 42. Bxe2 {[%emt 0:02:30]} Rxe2 {[%emt 0:00:30]} 43. Kc4 {[%emt 0:01:30]} Re7 {[%emt 0:10:30]} 44. a6 {[%emt 0:00:30]} f6 {[%emt 0:00:30]} 45. gxf6+ {[%emt 0:05:30]} Kxf6 {[%emt 0:00:30]} 46. Kb5 {[%emt 0:00:00]} g5 {[%emt 0:05:14]} 47. Kb6 {[%emt 0:01:00]} Kg6 {[%emt 0:00:27]} 48. a7 {[%emt 0:01:30]} Re8 {[%emt 0:00:59]} 49. Ra5 {[%emt 0:00:30]} Ra8 {[%emt 0:00:50]} 50. Kb7 {[%emt 0:00:30]} Rf8 {[%emt 0:00:12]} 51. a8=Q {[%emt 0:01:30]} Rxa8 {[%emt 0:00:04]} 52. Rxa8 {[%emt 0:00:00]} Kf5 {[%emt 0:00:30]} 53. Kc6 {[%emt 0:00:00]} g4 {[%emt 0:00:11]} 54. Kd5 {[%emt 0:00:30]} g3 {[%emt 0:00:30]} 55. Rf8+ {[%emt 0:00:00]} Kg4 {[%emt 0:00:05]} 56. Ke4 {[%emt 0:00:00]} 1-0

[Event "25th Zadar Open 2018"]
[Site "Zadar"]
[Date "2018.12.17"]
[Round "4.13"]
[White "Pallitsch, Clemens"]
[Black "Loncar, Robert"]
[Result "0-1"]
[WhiteElo "2176"]
[BlackElo "2397"]
[Annotator "NA"]
[PlyCount "76"]
[EventDate "2018.12.15"]
[EventType "swiss"]
[EventCountry "CRO"]
[SourceTitle "playchess.com"]
[Source "ChessBase"]
[SourceQuality "1"]
[TimeControl "40/5400+30:1800+30"]

1. d4 {[%emt 0:00:30]} Nf6 {[%emt 0:06:30]} 2. c4 {[%emt 0:00:00]} g6 {[%emt 0:00:00]} 3. Nc3 {[%emt 0:00:00]} Bg7 {[%emt 0:00:00]} 4. e4 {[%emt 0:00:00]} O-O {[%emt 0:00:30]} 5. Nge2 {[%emt 0:00:00]} c5 {[%emt 0:02:30]} 6. d5 {[%emt 0:00:30]} b5 {[%emt 0:02:30]} 7. cxb5 {[%emt 0:01:30]} a6 {[%emt 0:00:30]} 8. Ng3 {[%emt 0:00:30]} h5 {[%emt 0:10:30]} 9. h4 {[%emt 0:02:30]} d6 {[%emt 0:01:30]} 10. Be2 {[%emt 0:04:30]} axb5 {[%emt 0:05:30]} 11. Nxb5 {[%emt 0:01:30]} Bg4 {[%emt 0:09:30]} 12. f3 {[%emt 0:01:30]} Bd7 {[%emt 0:00:30]} 13. a4 {[%emt 0:01:30]} Na6 {[%emt 0:08:30]} 14. Be3 {[%emt 0:04:30]} Nc7 {[%emt 0:09:30]} 15. Nc3 {[%emt 0:02:30]} Qb8 {[%emt 0:04:30]} 16. Qc2 {[%emt 0:06:30]} e6 {[%emt 0:01:30]} 17. dxe6 {[%emt 0:06:30]} Nxe6 {[%emt 0:02:30]} 18. Kf2 {[%emt 0:04:30]} Nd4 {[%emt 0:03:30]} 19. Bxd4 {[%emt 0:02:30]} cxd4 {[%emt 0:00:00]} 20. Nb5 {[%emt 0:00:30]} Rc8 {[%emt 0:03:00]} 21. Qd2 {[%emt 0:01:30]} d5 {[%emt 0:07:30]} 22. Rhc1 {[%emt 0:05:30]} Rxc1 {[%emt 0:04:16]} 23. Qxc1 {[%emt 0:01:30]} dxe4 {[%emt 0:00:20]} 24. Nxe4 {[%emt 0:02:30]} Nxe4+ {[%emt 0:00:34]} 25. fxe4 {[%emt 0:00:30]} Qh2 {[%emt 0:08:54]} 26. Qg5 {[%emt 0:06:30]} Be5 {[%emt 0:00:31]} 27. Bc4 {[%emt 0:00:00]} Ra6 {[%emt 0:01:58]} 28. Rf1 {[%emt 0:06:00]} Bg4 {[%emt 0:02:43]} 29. Ke1 {[%emt 0:02:30]} Bg3+ {[%emt 0:01:36]} 30. Kd2 {[%emt 0:00:00]} Bxh4 {[%emt 0:00:33]} 31. Qc5 {[%emt 0:05:00]} Qxg2+ {[%emt 0:00:13]} 32. Kc1 {[%emt 0:00:00]} Be6 {[%emt 0:01:24]} 33. b3 {[%emt 0:11:00]} Bg5+ {[%emt 0:01:35]} 34. Kb1 {[%emt 0:00:00]} Qxe4+ {[%emt 0:00:12]} 35. Kb2 {[%emt 0:00:00]} Qg2+ {[%emt 0:00:37]} 36. Ka1 {[%emt 0:00:30]} Rc6 {[%emt 0:00:41]} 37. Qa7 {[%emt 0:12:44]} Rxc4 {[%emt 0:00:12]} 38. Qa8+ {[%emt 0:00:27]} Qxa8 {[%emt 0:02:11]} 0-1

[Event "25th Zadar Open 2018"]
[Site "Zadar"]
[Date "2018.12.17"]
[Round "4.14"]
[White "Plenca, Jadranko"]
[Black "Karthik Kumar Pradeep"]
[Result "1-0"]
[WhiteElo "2475"]
[BlackElo "2230"]
[Annotator "ChessBase"]
[PlyCount "53"]
[EventDate "2018.12.15"]
[EventType "swiss"]
[EventCountry "CRO"]
[SourceTitle "playchess.com"]
[Source "ChessBase"]
[SourceQuality "1"]
[TimeControl "40/5400+30:1800+30"]

1. e4 {[%emt 0:01:30]} c5 {[%emt 0:00:30]} 2. Nc3 {[%emt 0:00:30]} Nc6 {[%emt 0:00:30]} 3. Nge2 {[%emt 0:00:00]} e5 {[%emt 0:03:30]} 4. Nd5 {[%emt 0:01:00]} d6 {[%emt 0:00:30]} 5. Nec3 {[%emt 0:00:30]} Be6 {[%emt 0:01:30]} 6. Bc4 {[%emt 0:01:30]} g6 {[%emt 0:25:30]} 7. d3 {[%emt 0:02:30]} Bg7 {[%emt 0:00:30]} 8. O-O {[%emt 0:00:30]} h6 {[%emt 0:04:30]} 9. f4 {[%emt 0:01:30]} Nge7 {[%emt 0:06:30]} 10. Nxe7 {[%emt 0:24:30]} Nxe7 {[%emt 0:00:30]} 11. f5 {[%emt 0:00:30]} Bxc4 {[%emt 0:06:30]} 12. dxc4 {[%emt 0:01:30]} f6 {[%emt 0:14:30]} 13. fxg6 {[%emt 0:01:30]} h5 {[%emt 0:00:30]} 14. Nb5 {[%emt 0:03:30]} Nc8 {[%emt 0:03:30]} 15. Rf5 {[%emt 0:05:30]} a6 {[%emt 0:00:30]} 16. Nc3 {[%emt 0:00:00]} Ne7 {[%emt 0:03:30]} 17. Rxh5 {[%emt 0:01:00]} Nxg6 {[%emt 0:00:30]} 18. Rxh8+ {[%emt 0:00:30]} Bxh8 {[%emt 0:00:30]} 19. Qh5 {[%emt 0:01:30]} Kf7 {[%emt 0:00:30]} 20. Nd5 {[%emt 0:03:30]} Bg7 {[%emt 0:03:30]} 21. Bg5 {[%emt 0:00:30]} Qh8 {[%emt 0:02:30]} 22. Qf3 {[%emt 0:06:30]} Ne7 {[%emt 0:01:18]} 23. Rf1 {[%emt 0:03:30]} Nxd5 {[%emt 0:01:04]} 24. cxd5 {[%emt 0:00:30]} Rf8 {[%emt 0:04:55]} 25. Qf5 {[%emt 0:01:30]} Qh5 {[%emt 0:00:53]} 26. g4 {[%emt 0:01:30]} Qh8 {[%emt 0:01:52]} 27. Bxf6 {[%emt 0:02:30]} 1-0

[Event "25th Zadar Open 2018"]
[Site "Zadar"]
[Date "2018.12.17"]
[Round "4.15"]
[White "Tica, Sven"]
[Black "Bratovic, Blaz"]
[Result "1/2-1/2"]
[WhiteElo "2439"]
[BlackElo "2307"]
[Annotator "TA"]
[PlyCount "120"]
[EventDate "2018.12.15"]
[EventType "swiss"]
[EventCountry "CRO"]
[SourceTitle "playchess.com"]
[Source "ChessBase"]
[SourceQuality "1"]

{[%evp 20,120,23,20,25,23,41,30,27,29,40,24,34,31,58,55,52,40,33,29,76,79,75,50,83,43,52,54,85,82,75,88,89,72,112,114,110,118,118,118,118,113,115,117,116,116,116,114,116,116,117,107,105,105,113,111,114,94,102,103,119,115,120,122,109,109,137,140,133,94,141,144,148,119,175,126,131,77,98,98,106,80,73,69,78,73,118,118,118,118,118,112,112,0,105,105,123,105,116,113,107,0,0]} 1. Nf3 Nf6 2. g3 g6 3. b3 Bg7 4. Bb2 d6 5. d4 O-O 6. Bg2 a5 7. O-O a4 8. c4 axb3 9. axb3 Rxa1 10. Bxa1 c6 {A49: 1 d4 Nf6 2 Nf3 g6 3 g3: Anti-King's Indian systems} (10... Na6 11. Nbd2 c6 12. Bc3 Bf5 13. Nh4 Bd7 14. e4 Qc8 15. e5 Ne8 16. f4 dxe5 17. dxe5 f6 18. Qe2 {½-½ (114) Meier,G (2650)-Zhao,J (2604) Riadh 2017}) 11. Nbd2 {LiveBook: 4 Games} d5 12. Bc3 b5 $146 {White has an edge.} ({Predecessor:} 12... Ne4 13. Nxe4 dxe4 14. Ne1 c5 15. Nc2 Nc6 16. e3 {½-½ (61) Batsiashvili,N (2502)-Zozulia,A (2316) Riadh 2017}) 13. Qa1 bxc4 14. bxc4 Bf5 15. Nh4 Bg4 16. e3 Be2 17. Re1 Bd3 18. Ba5 Qc8 19. Qc3 Qa6 {[%cal Rd5c4]} 20. Bb4 dxc4 21. Ra1 $36 {[%mdl 2048] White has the initiative.} Qb5 22. Ra5 Qb7 {Hoping for ...Nd5.} 23. Nxc4 Nd5 24. Qxd3 Qxb4 25. Bxd5 cxd5 26. Rxd5 Rc8 27. Nd2 e6 28. Rb5 Qa4 29. Nhf3 Nd7 30. Qb3 Qa1+ 31. Kg2 Qa8 32. Rb7 Rb8 33. Rxb8+ Nxb8 34. Qb5 Nc6 35. g4 h6 36. h3 Kh7 37. Qb6 Kg8 38. e4 Ne7 39. Qc7 Bf8 40. Ne5 Qc8 41. Qa7 Qd8 42. Ndf3 Bg7 {[#]} 43. h4 $1 {[%cal Bh3h4,Bh4h5][%mdl 32]} f5 44. gxf5 gxf5 45. exf5 exf5 46. Kg3 Qd6 (46... Bf6 $16 {might work better.} 47. h5 Qe8) 47. h5 Kh7 48. Kg2 (48. Qa4 $142) 48... Qd8 49. Qb7 Nd5 50. Qf7 Nf4+ 51. Kg3 Ne2+ {[#]} 52. Kh2 $1 Nxd4 53. Nxd4 Qxd4 54. Qxf5+ Kg8 55. Qe6+ Kh7 56. Qf5+ Kg8 $1 57. Ng6 {White threatens Ne7+ and mate.} Qd6+ 58. Kg2 Bf6 59. Nf4 {aiming for Qg6+.} Be5 60. Ne6 ({White should play} 60. Qc8+ $16 Kf7 61. Qb7+ Ke8 62. Ng6) 60... Qd5+ $1 {Accuracy: White = 67%, Black = 57%.} 1/2-1/2

[Event "25th Zadar Open 2018"]
[Site "Zadar"]
[Date "2018.12.17"]
[Round "4.16"]
[White "Biliskov, Vjekoslav"]
[Black "Kurayan, Ruslan"]
[Result "1-0"]
[WhiteElo "2313"]
[BlackElo "2391"]
[Annotator "NA"]
[PlyCount "81"]
[EventDate "2018.12.15"]
[EventType "swiss"]
[EventCountry "CRO"]
[SourceTitle "playchess.com"]
[Source "ChessBase"]
[SourceQuality "1"]
[TimeControl "40/5400+30:1800+30"]

1. d4 {[%emt 0:00:00]} Nf6 {[%emt 0:05:30]} 2. c4 {[%emt 0:00:00]} g6 {[%emt 0:00:30]} 3. Nc3 {[%emt 0:00:30]} Bg7 {[%emt 0:00:00]} 4. e4 {[%emt 0:00:30]} d6 {[%emt 0:00:00]} 5. h3 {[%emt 0:00:30]} O-O {[%emt 0:00:30]} 6. Bg5 {[%emt 0:00:30]} c5 {[%emt 0:20:30]} 7. d5 {[%emt 0:00:30]} b5 {[%emt 0:03:30]} 8. cxb5 {[%emt 0:00:30]} a6 {[%emt 0:00:30]} 9. a4 {[%emt 0:00:30]} Qa5 {[%emt 0:19:30]} 10. Bd2 {[%emt 0:01:30]} Qb4 {[%emt 0:00:30]} 11. Bd3 {[%emt 0:03:30]} Nfd7 {[%emt 0:05:30]} 12. Nf3 {[%emt 0:00:30]} c4 {[%emt 0:06:30]} 13. Bc2 {[%emt 0:00:30]} axb5 {[%emt 0:10:30]} 14. axb5 {[%emt 0:09:30]} Nb6 {[%emt 0:03:30]} 15. Rb1 {[%emt 0:28:30]} N8d7 {[%emt 0:04:07]} 16. O-O {[%emt 0:01:30]} Nc5 {[%emt 0:02:48]} 17. Bg5 {[%emt 0:08:30]} Re8 {[%emt 0:09:16]} 18. Nd4 {[%emt 0:03:30]} Bd7 {[%emt 0:02:42]} 19. Nc6 {[%emt 0:09:30]} Bxc6 {[%emt 0:00:30]} 20. bxc6 {[%emt 0:00:30]} Rab8 {[%emt 0:00:30]} 21. Be3 {[%emt 0:10:00]} Nb3 {[%emt 0:00:43]} 22. Bxb3 {[%emt 0:00:45]} cxb3 {[%emt 0:00:02]} 23. Bxb6 {[%emt 0:03:15]} Rxb6 {[%emt 0:00:26]} 24. Rc1 {[%emt 0:00:58]} e6 {[%emt 0:01:51]} 25. Qd3 {[%emt 0:01:29]} Bd4 {[%emt 0:01:46]} 26. Rfd1 {[%emt 0:02:25]} Bc5 {[%emt 0:00:43]} 27. Ra1 {[%emt 0:00:56]} Rbb8 {[%emt 0:00:04]} 28. g3 {[%emt 0:04:18]} Rbc8 {[%emt 0:00:48]} 29. Kg2 {[%emt 0:00:49]} exd5 {[%emt 0:00:29]} 30. Nxd5 {[%emt 0:00:41]} Qb8 {[%emt 0:00:18]} 31. Nf6+ {[%emt 0:00:12]} Kg7 {[%emt 0:00:06]} 32. Nxe8+ {[%emt 0:00:15]} Rxe8 {[%emt 0:00:01]} 33. Ra6 {[%emt 0:01:23]} h5 {[%emt 0:00:11]} 34. h4 {[%emt 0:00:32]} Qc8 {[%emt 0:00:09]} 35. Rda1 {[%emt 0:01:14]} Re6 {[%emt 0:00:35]} 36. Qc3+ {[%emt 0:01:01]} Rf6 {[%emt 0:00:04]} 37. f3 {[%emt 0:00:59]} Qe6 {[%emt 0:00:07]} 38. c7 {[%emt 0:01:03]} Qd7 {[%emt 0:00:21]} 39. e5 {[%emt 0:01:37]} Re6 {[%emt 0:00:04]} 40. Re1 {[%emt 0:00:00]} Kh7 {[%emt 0:00:00]} 41. exd6 {[%emt 0:03:38]} 1-0

[Event "25th Zadar Open 2018"]
[Site "Zadar"]
[Date "2018.12.17"]
[Round "4.17"]
[White "Ustianovich, Nazar"]
[Black "Dixit, Nikhil"]
[Result "1/2-1/2"]
[WhiteElo "2383"]
[BlackElo "2292"]
[Annotator "NA"]
[PlyCount "87"]
[EventDate "2018.12.15"]
[EventType "swiss"]
[EventCountry "CRO"]
[SourceTitle "playchess.com"]
[Source "ChessBase"]
[SourceQuality "1"]
[TimeControl "40/5400+30:1800+30"]

1. e4 {[%emt 0:03:30]} g6 {[%emt 0:00:30]} 2. d4 {[%emt 0:00:30]} Bg7 {[%emt 0:00:30]} 3. Nc3 {[%emt 0:00:30]} c6 {[%emt 0:00:00]} 4. f4 {[%emt 0:00:30]} d5 {[%emt 0:00:00]} 5. e5 {[%emt 0:00:30]} Nh6 {[%emt 0:00:30]} 6. Nf3 {[%emt 0:00:30]} f6 {[%emt 0:00:30]} 7. Bd3 {[%emt 0:01:30]} Bg4 {[%emt 0:06:30]} 8. h3 {[%emt 0:00:30]} Bxf3 {[%emt 0:00:30]} 9. Qxf3 {[%emt 0:00:30]} O-O {[%emt 0:00:00]} 10. h4 {[%emt 0:00:30]} fxe5 {[%emt 0:03:00]} 11. dxe5 {[%emt 0:00:30]} Nd7 {[%emt 0:00:30]} 12. Qg3 {[%emt 0:00:30]} Nc5 {[%emt 0:05:30]} 13. h5 {[%emt 0:00:30]} Nxd3+ {[%emt 0:01:30]} 14. cxd3 {[%emt 0:00:30]} Qe8 {[%emt 0:01:30]} 15. hxg6 {[%emt 0:01:30]} Qxg6 {[%emt 0:10:30]} 16. Ne2 {[%emt 0:00:30]} c5 {[%emt 0:06:30]} 17. Bd2 {[%emt 0:01:30]} Rac8 {[%emt 0:05:30]} 18. O-O-O {[%emt 0:06:30]} c4 {[%emt 0:07:30]} 19. d4 {[%emt 0:03:30]} Qd3 {[%emt 0:03:30]} 20. Qxd3 {[%emt 0:53:30]} cxd3+ {[%emt 0:00:30]} 21. Nc3 {[%emt 0:00:00]} e6 {[%emt 0:24:30]} 22. Rh3 {[%emt 0:08:41]} Ng4 {[%emt 0:01:30]} 23. Rf1 {[%emt 0:10:41]} Nxe5 {[%emt 0:11:57]} 24. dxe5 {[%emt 0:00:02]} d4 {[%emt 0:00:06]} 25. Rff3 {[%emt 0:01:33]} dxc3 {[%emt 0:00:21]} 26. bxc3 {[%emt 0:00:39]} Rfd8 {[%emt 0:01:05]} 27. Rxd3 {[%emt 0:00:06]} Rxd3 {[%emt 0:00:06]} 28. Rxd3 {[%emt 0:00:02]} Rc7 {[%emt 0:00:14]} 29. Be3 {[%emt 0:01:07]} b6 {[%emt 0:00:16]} 30. Kd2 {[%emt 0:00:22]} Kf7 {[%emt 0:00:52]} 31. g4 {[%emt 0:01:24]} Bf8 {[%emt 0:02:29]} 32. Bd4 {[%emt 0:00:35]} Kg6 {[%emt 0:01:00]} 33. Rf3 {[%emt 0:00:53]} Rf7 {[%emt 0:00:28]} 34. f5+ {[%emt 0:02:17]} Kg5 {[%emt 0:00:44]} 35. f6 {[%emt 0:00:35]} Kxg4 {[%emt 0:01:35]} 36. Ke2 {[%emt 0:00:01]} h5 {[%emt 0:01:00]} 37. Rf1 {[%emt 0:00:03]} h4 {[%emt 0:03:22]} 38. Rg1+ {[%emt 0:00:11]} Kf4 {[%emt 0:01:00]} 39. Rf1+ {[%emt 0:00:55]} Ke4 {[%emt 0:00:39]} 40. Rh1 {[%emt 0:00:00]} Rh7 {[%emt 0:00:00]} 41. Kf2 {[%emt 0:10:23]} b5 {[%emt 0:16:56]} 42. Re1+ {[%emt 0:02:30]} Kd3 {[%emt 0:01:35]} 43. Re3+ {[%emt 0:06:45]} Kc4 {[%emt 0:01:11]} 44. Re4 {[%emt 0:00:45]} 1/2-1/2

[Event "25th Zadar Open 2018"]
[Site "Zadar"]
[Date "2018.12.17"]
[Round "4.18"]
[White "Bilobrk, Franjo"]
[Black "Blagojevic, Tijana"]
[Result "1/2-1/2"]
[WhiteElo "2364"]
[BlackElo "2208"]
[Annotator "NA"]
[PlyCount "68"]
[EventDate "2018.12.15"]
[EventType "swiss"]
[EventCountry "CRO"]
[SourceTitle "playchess.com"]
[Source "ChessBase"]
[SourceQuality "1"]
[TimeControl "40/5400+30:1800+30"]

1. d4 {[%emt 0:00:30]} d5 {[%emt 0:02:30]} 2. c4 {[%emt 0:00:00]} c6 {[%emt 0:00:00]} 3. Nf3 {[%emt 0:00:00]} Nf6 {[%emt 0:00:00]} 4. Nc3 {[%emt 0:00:30]} e6 {[%emt 0:00:00]} 5. Bg5 {[%emt 0:00:00]} Nbd7 {[%emt 0:00:00]} 6. e3 {[%emt 0:00:00]} Qa5 {[%emt 0:00:30]} 7. cxd5 {[%emt 0:01:30]} Nxd5 {[%emt 0:00:30]} 8. Rc1 {[%emt 0:00:30]} h6 {[%emt 0:00:30]} 9. Bh4 {[%emt 0:00:30]} Nxc3 {[%emt 0:00:30]} 10. bxc3 {[%emt 0:00:30]} Ba3 {[%emt 0:00:30]} 11. Rc2 {[%emt 0:00:30]} b6 {[%emt 0:00:30]} 12. Be2 {[%emt 0:00:00]} Ba6 {[%emt 0:00:00]} 13. O-O {[%emt 0:00:00]} Bxe2 {[%emt 0:00:00]} 14. Qxe2 {[%emt 0:00:30]} O-O {[%emt 0:00:30]} 15. e4 {[%emt 0:00:30]} Qa4 {[%emt 0:04:30]} 16. Rd1 {[%emt 0:06:30]} Rfe8 {[%emt 0:01:30]} 17. c4 {[%emt 0:09:30]} Rac8 {[%emt 0:06:30]} 18. e5 {[%emt 0:04:30]} b5 {[%emt 0:00:30]} 19. c5 {[%emt 0:00:30]} Nf8 {[%emt 0:02:30]} 20. g4 {[%emt 0:15:30]} Rc7 {[%emt 0:02:30]} 21. Rc3 {[%emt 0:05:30]} Rd7 {[%emt 0:05:30]} 22. Rdd3 {[%emt 0:01:30]} Bb4 {[%emt 0:03:30]} 23. Rb3 {[%emt 0:00:30]} Ng6 {[%emt 0:05:30]} 24. Bg3 {[%emt 0:07:30]} Ne7 {[%emt 0:00:30]} 25. h4 {[%emt 0:00:30]} Nd5 {[%emt 0:06:30]} 26. h5 {[%emt 0:02:30]} Ba5 {[%emt 0:08:30]} 27. Ra3 {[%emt 0:11:30]} Qb4 {[%emt 0:00:30]} 28. Nd2 {[%emt 0:08:30]} Bd8 {[%emt 0:07:30]} 29. Ne4 {[%emt 0:04:30]} Be7 {[%emt 0:06:30]} 30. Qd1 {[%emt 0:09:33]} Qc4 {[%emt 0:05:30]} 31. Nd2 {[%emt 0:02:08]} Qb4 {[%emt 0:00:30]} 32. Ne4 {[%emt 0:01:00]} Qc4 {[%emt 0:00:30]} 33. Nd2 {[%emt 0:00:58]} Qb4 {[%emt 0:00:00]} 34. Ne4 {[%emt 0:00:56]} Qc4 {[%emt 0:02:00]} 1/2-1/2